| 000 | 01412nam a22002537a 4500 | ||
|---|---|---|---|
| 003 | OSt | ||
| 005 | 20210106105933.0 | ||
| 008 | 210106b2019 ck adbogr|||| 00| 0dspa d | ||
| 020 | _a9789585210233 | ||
| 040 |
_aCO-JMCR _cCO-JMCR |
||
| 041 | 0 | _aspa | |
| 082 | 2 | 4 |
_a338.4761795209861 / _bZ24t _223 |
| 100 | 1 |
_aZambrano Arcos, María del Socorro _eautora _912692 |
|
| 245 | 1 | 0 |
_aTurismo de salud : _buna alternativa sostenible en Colombia / _cMaría del Socorro Zambrano Arcos |
| 260 |
_aBogotá : _bSociedad Geográfica de Colombia, _c2019 |
||
| 300 |
_a2698 páginas : _bilustraciones, gráficas, fotografías y mapas a color ; _c24 cm. |
||
| 500 | _aDatos biográficos de la autora en tapa posterior. | ||
| 505 | _aIntroducción, objetivos y metodología de la investigación -- Introducción a la actividad turística y al turismo de salud -- Turismo en Colombia: análisis de la oferta -- El turismo de salud en Colombia -- Desarrollo histórico de la cirugía plástica estética y su incidencia en el turismo de la salud en Colombia -- Modelo, características y competencias del turismo de salud en cirugía plástica estética en las tres principales ciudades de Colombia | ||
| 650 | 2 | 4 |
_aTurismo _xSalud _zColombia _912693 |
| 650 | 2 | 4 |
_aActividad turística _zColombia _912694 |
| 650 | 2 | 4 |
_aCirugía plástica _zColombia _912695 |
| 650 | 2 | 4 |
_aCirugía estética _zColombia _912696 |
| 942 |
_2ddc _cBK |
||
| 999 |
_c7049 _d7049 |
||